00340nam a2200109Ia 4500008004100000082001400041100005100055245004000106260003000146300000800176650004600184191201s2019 xx 000 0 und d a572.3 SIB aSIDDIQUI, Anees ahmad and SHARMA,Sanjeev Kumar 0aBiochemistry and Clinical Pathology bTara PubaNew Delhic2019 a154 aApplied Biochemistry & Clinical Chemistry